000
00267nam a2200121 a 4500
005
20140414093831.0
008
970111s19uu xx 00 eng d
050
_a
VHS SD
_b
R 46
245
_a
SIS Hymn.
260
_c
June 6, 2002.
942
_c
AVM
999
_c
108691
_d
108691